| 000 | 01093nab a22002297a 4500 | ||
|---|---|---|---|
| 999 |
_c5521 _d5521 |
||
| 003 | OSt | ||
| 005 | 20251211122212.0 | ||
| 008 | 190604e xxu||||| |||| 00| 0 spa d | ||
| 040 | _cPJ | ||
| 100 |
_aOcampo, Pilar _96502 |
||
| 245 | 1 | 3 |
_aEl silencio positivo en la Ley de Procedimientos Administrativos y su reglamentación / _cPilar Ocampo. |
| 260 |
_aCiudad Autónoma de Buenos Aires : _bThomson Reuters La Ley, _c2025. |
||
| 300 | _ap. 19-26 | ||
| 500 | _aCita Online: TR LALEY AR/DOC/1476/2025. | ||
| 505 | _aSumario: I. Introducción.— II. Ámbito de aplicación.— III. Configuración del silencio positivo.— IV. Efectos del silencio positivo.— V. Conclusiones. | ||
| 505 | _t¿Te interesa el texto completo? Solicitalo al correo: koha@justierradelfuego.gov.ar | ||
| 650 | 0 |
_9211 _aDERECHO ADMINISTRATIVO |
|
| 650 | 0 |
_91135 _aPROCEDIMIENTO ADMINISTRATIVO |
|
| 650 | 0 |
_91171 _aACTO ADMINISTRATIVO |
|
| 773 | 0 |
_02714 _93171 _dCiudad Autónoma de Buenos Aires : Thomson Reuters La Ley, 2014- _tRevista anales de legislación argentina. Nº 11- Noviembre 2025. |
|
| 942 |
_2udc _cANA |
||